| 000 | 00762nam a2200253Ia 4500 | ||
|---|---|---|---|
| 003 | GCL | ||
| 008 | 140319s9999 xx 000 0 ara d | ||
| 040 |
_aGCL / _cGCL |
||
| 082 | 0 | 4 |
_a370.71 _bر ت |
| 100 | 1 | _aمحمد امين المفتى (مترجم) | |
| 245 | 1 | 0 |
_aالتخطيط للتدريس / _cمحمد امين المفتى (مترجم) |
| 700 | 1 | _aرتشى، ربورت | |
| 260 |
_a[S.N] : _bالدار الدولية للنشر والتوزيع ، _c1979 |
||
| 300 | _a453 | ||
| 490 | _a | ||
| 650 | 0 | 4 | _aطرق التدريس |
| 650 | 0 | 4 | _aالتعليم |
| 650 | 0 | 4 | _aالتربية |
| 650 | 0 | 4 | _aالتخطيط التربوى |
| 650 | 0 | 4 | _aالادارة |
| 650 | 0 | 4 | _aالتدريس |
| 650 | 0 | 4 | _aالمعلم |
| 942 |
_2ddc _cBK |
||
| 999 |
_c30291 _d30291 |
||